Click Quiz: Match World Cities to their Location - Statistics

General Stats
  • This quiz has been taken 22 times
  • The average score is 23 of 30
Answer Stats
Hint Answer % Correct
Munich Bavaria
93%
Barcelona Catalonia
93%
Ankara Central Anatolia
93%
Antwerp Flanders
93%
Toronto Ontario
93%
Wuhan Hubei
86%
Milan Lombardy
86%
Rotterdam North Holland
86%
Portland Oregon
86%
Brisbane Queensland
86%
Chennai Tamil Nadu
86%
Tangier Tanger-Tetouan-Al Hoceima
86%
Birmingham West Midlands
86%
Guadalajara Jalisco
79%
Jeddah Makkah Province
79%
Belo Horizonte Minas Gerais
79%
Vladivostok Primorsky Krai
79%
Malmö Scania
79%
Innsbruck Tyrol
79%
Christchurch Canterbury
71%
Kobe Hyōgo
71%
Cork Munster
71%
Gdansk Pomeranian Voivodeship
71%
Cali Valle del Cauca
71%
Yaoundé Mfoundi
64%
Toulouse Occitania
64%
Port-au-Prince Ouest
57%
Tabriz East Azerbaijan
50%
Hanoi Red River Delta
50%
Windhoek Khomas Region
36%
No matching quizzes found
Score Distribution
Percent of People with Each Score
Percentile by Number Answered
Your Score History
You have not taken this quiz